Countries by Bordering Sea Pair #2 - Statistics

General Stats
  • This quiz has been taken 60 times
  • The average score is 8 of 10
Answer Stats
Seas Country % Correct
North Sea Norway
100%
Mediterranean Sea France
91%
Beaufort Sea United States
91%
East China Sea Taiwan
88%
East China sea Japan
84%
Balearic Sea Spain
84%
Red Sea Yemen
84%
Caspian Sea Kazakhstan
75%
Solomon Sea Papua New Guinea
61%
Celebes Sea Philippines
54%
No matching quizzes found
Score Distribution
Percent of People with Each Score
Percentile by Number Answered
Your Score History
You have not taken this quiz